000 01083cab a22002295a 4500
001 L139237
008 070724e20070721xxk f 000 0 eng d
035 _a(Sirsi) u139237
041 0 _aeng
100 1 _aOwen, Bruce
245 0 0 _aGetting it together
260 _c2007
490 _aEstates Gazette
_v(0729) 21 July 2007, 138-139(2)
520 _aSecond of two Mainly for Students articles focusing on regeneration. (First article was L138815.) Discusses public/private partnerships. Key to these is that both parties should benefit and contribute different skills to the joint project. Risk is shared and therefore reduced. Clarity of the project?s processes and objectives is important. The process of selection of private partners should also be transparent. Key stages in this process are outlined.
590 _aKA
651 4 _aUnited Kingdom
_y
690 _aENVIRONMENTAL AND LAND CONSULTANCY-SUSTAINABILITY-SUSTAINABLE DEVELOPMENT
690 _aPROPERTY-PROPERTY MANAGEMENT-REGENERATION
690 _aProcurement
_96260
700 1 _aFrench, Nick
942 _n0
999 _c79031
_d79031